000 00718nam a2200265Ia 4500
003 OSt
005 20220925213108.0
006 a|||||r|||| 00| 0
007 ta
008 220923b |||||||| |||| 00| 0 eng d
020 _a140513318X
037 _cGeneral Book
040 _aRTL
_cRTL
_beng
041 _2eng
_aeng
082 _aV2.L5, P4
100 _aMukhia Harbans
245 0 _aMughals of India
260 _aLondon
_bBlackwell Publishing UK
_c2004
300 _axii,210p
_ccm.
490 _aPeoples of Asia
500 _aBibliography P 176-94; Glossary P 172-75
650 _aHistory India
_928353
942 _hV2.L5, P4
_cGB
_2CC
999 _c561980
_d561980